Statystyki dla Quiz o Grecji

Kliknij tutaj aby rozwiązać quiz!

Ogólne statystyki

  • Ten quiz został rozwiązany 1 616 razy
    (1 611 od ostatniego zresetowania)
  • Średni wynik to 17 z 32

Statystyki odpowiedzi

PodpowiedźOdpowiedź% Poprawnych
StolicaAteny
100%
Pisarz "Iliady”Homer
83%
Bóg nieba i grzmotówZeus
80%
Bóg mórzPosejdon
79%
Bóg podziemiaHades
77%
Bóg wojnyAres
75%
Nazwa tej litery: ΔDelta
75%
Imperium, od którego
Grecja uzyskała niepodległość w 1830 roku
Imperium
{Osmańskie}
74%
Cywilizacja minojskaKreta
72%
Co Grecja gościła w 1896 i 2004 roku?Letnie {igrzyska
olimpijskie}
72%
Bogini miłości i pięknaAfrodyta
69%
Morze między Grecją a TurcjąMorze {Egejskie}
67%
Bohater, który wykonał dwanaście pracHerakles
63%
Zdobywca PersjiAleksander
Macedoński
62%
Półwysep na którym znajduje się GrecjaBałkański
61%
Posąg KolosaRodos
59%
Bogini mądrościAtena
57%
Zwycięskie miasto wojny peloponeskiejSparta
57%
Królestwo, skąd pochodzi powyższyMacedonia
55%
Miasto wyroczniDelfy
47%
Miejsce urodzenia SafonyItaka
45%
Powiedział "Eureka!" podczas kąpieliArchimedes
43%
Najbardziej znana świątyniaPartenon
40%
Dom OdyseuszaLesbos
34%
Grecja po greckuHellas
32%
Grecki prefiks: anthropoCzłowiek
30%
Dawna walutaDrachma
29%
Musaka warzywna jest zrobiona z...Bakłażanu
22%
Grecki prefiks: astroGwiazda
22%
Grecki prefiks: bioŻycie
22%
Magnat morski, który
poślubił Jackie Kennedy
Aristotelis Onasis
15%
Grecki prefiks: teleDystans
12%

Rozkład punktacji

Percentyl według liczby udzielonych odpowiedzi

Procent ludzi z każdym wynikiem

Twoja historia wyników

Nie rozwiązałeś tego quizu od ostatniego zresetowania